[Event "FIDE Grand Swiss"]
[Site "Isle of Man ENG"]
[Date "2019.10.13"]
[Round "4.41"]
[White "Bacrot, Etienne"]
[Black "Hansen, Eric"]
[Result "1-0"]
[WhiteElo "2671"]
[BlackElo "2611"]
[PlyCount "65"]
[GameId "2129404754449960"]
[EventDate "2019.10.10"]
[EventType "swiss"]
[EventRounds "11"]
[EventCountry "ENG"]
[SourceTitle "10 Days#595"]
[Source "ChessMix"]
[SourceDate "2019.11.01"]
[SourceVersion "1"]
[SourceVersionDate "2019.11.01"]
[SourceQuality "1"]

1. e4 {[%emt 0:03:38]} e5 {[%emt 0:00:29]} 2. Nf3 {[%emt 0:00:06]} Nc6 {[%emt 0:00:06]} 3. Bb5 {[%emt 0:00:04]} Nf6 {[%emt 0:00:28]} 4. O-O {[%emt 0:00:08]} Nxe4 {[%emt 0:00:20]} 5. d4 {[%emt 0:00:05]} Nd6 {[%emt 0:00:13]} 6. Bxc6 {[%emt 0:00:06]} dxc6 {[%emt 0:00:06]} 7. dxe5 {[%emt 0:00:04]} Nf5 {[%emt 0:00:08]} 8. Qxd8+ {[%emt 0:00:13]} Kxd8 {[%emt 0:00:05]} 9. h3 {[%emt 0:00:05]} Ke8 {[%emt 0:08:49]} 10. Nc3 {[%emt 0:00:18]} h5 {[%emt 0:00:22]} 11. Ne2 {[%emt 0:00:26]} Be7 {[%emt 0:31:53]} 12. Bg5 {[%emt 0:03:34]} b6 {[%emt 0:21:08]} 13. Rad1 {[%emt 0:11:04]} Bb7 {[%emt 0:16:07]} 14. Bxe7 {[%emt 0:09:10]} Kxe7 {[%emt 0:00:45]} 15. Nf4 {[%emt 0:00:59]} c5 {[%emt 0:06:27]} 16. Ng5 {[%emt 0:00:37]} Rhd8 {[%emt 0:14:32]} 17. Nxh5 {[%emt 0:02:03]} Ba6 {[%emt 0:00:46]} 18. Rxd8 {[%emt 0:00:07]} Rxd8 {[%emt 0:00:05]} 19. Rc1 {[%emt 0:00:10]} Rd5 {[%emt 0:03:11]} 20. Re1 {[%emt 0:00:34]} Rd2 {[%emt 0:01:53]} 21. g4 {[%emt 0:13:36]} Nd4 {[%emt 0:00:07]} 22. Nxg7 {[%emt 0:03:35]} Rxc2 {[%emt 0:01:01]} 23. h4 {[%emt 0:00:14]} Bc8 {[%emt 0:00:58]} 24. h5 {[%emt 0:08:21]} Bxg4 {[%emt 0:01:01]} 25. h6 {[%emt 0:00:07]} Kf8 {[%emt 0:01:05]} 26. Kg2 {[%emt 0:06:04]} Bc8 {[%emt 0:00:54]} 27. Nh5 {[%emt 0:11:12]} Bb7+ {[%emt 0:00:11]} 28. Kg1 {[%emt 0:07:51]} Ne2+ {[%emt 0:00:41]} 29. Kf1 {[%emt 0:06:35]} Ba6 {[%emt 0:00:11]} 30. h7 {[%emt 0:00:21]} Nf4+ {[%emt 0:00:04]} 31. Kg1 {[%emt 0:00:05]} Ng6 {[%emt 0:00:06]} 32. e6 {[%emt 0:01:03]} Be2 {[%emt 0:01:16]} 33. Nf4 {[%emt 0:01:31]} 1-0

[Event "FIDE Grand Swiss"]
[Site "Isle of Man ENG"]
[Date "2019.10.15"]
[Round "6.44"]
[White "Oparin, Grigoriy"]
[Black "Hansen, Eric"]
[Result "1/2-1/2"]
[WhiteElo "2654"]
[BlackElo "2611"]
[PlyCount "109"]
[GameId "2129404754450117"]
[EventDate "2019.10.10"]
[EventType "swiss"]
[EventRounds "11"]
[EventCountry "ENG"]
[SourceTitle "10 Days#595"]
[Source "ChessMix"]
[SourceDate "2019.11.01"]
[SourceVersion "1"]
[SourceVersionDate "2019.11.01"]
[SourceQuality "1"]

1. Nf3 {[%emt 0:00:02]} d5 {[%emt 0:09:15]} 2. e3 {[%emt 0:00:17]} Nf6 {[%emt 0:01:43]} 3. c4 {[%emt 0:00:04]} dxc4 {[%emt 0:03:35]} 4. Bxc4 {[%emt 0:00:08]} e6 {[%emt 0:00:07]} 5. b3 {[%emt 0:00:55]} c5 {[%emt 0:02:39]} 6. Bb2 {[%emt 0:00:23]} a6 {[%emt 0:03:20]} 7. O-O {[%emt 0:01:20]} Nc6 {[%emt 0:02:00]} 8. Be2 {[%emt 0:19:25]} Be7 {[%emt 0:03:22]} 9. d4 {[%emt 0:02:52]} cxd4 {[%emt 0:00:24]} 10. Nxd4 {[%emt 0:00:04]} Bd7 {[%emt 0:00:05]} 11. Bf3 {[%emt 0:02:37]} Rc8 {[%emt 0:00:07]} 12. Nxc6 {[%emt 0:01:17]} Bxc6 {[%emt 0:00:23]} 13. Qxd8+ {[%emt 0:00:07]} Kxd8 {[%emt 0:07:05]} 14. Rd1+ {[%emt 0:00:42]} Ke8 {[%emt 0:00:46]} 15. Nd2 {[%emt 0:10:37]} Bxf3 {[%emt 0:01:25]} 16. Nxf3 {[%emt 0:00:08]} Bc5 {[%emt 0:07:07]} 17. Rd3 {[%emt 0:15:42]} Ke7 {[%emt 0:00:46]} 18. Rad1 {[%emt 0:00:42]} Rhe8 {[%emt 0:11:07]} 19. g4 {[%emt 0:18:56]} h6 {[%emt 0:03:39]} 20. Ne5 {[%emt 0:04:48]} Rc7 {[%emt 0:07:09]} 21. h4 {[%emt 0:02:51]} g5 {[%emt 0:06:57]} 22. h5 {[%emt 0:01:42]} Rec8 {[%emt 0:00:47]} 23. Kg2 {[%emt 0:03:35]} Nd5 {[%emt 0:00:30]} 24. Kf3 {[%emt 0:02:16]} b5 {[%emt 0:08:47]} 25. e4 {[%emt 0:04:06]} Nf4 {[%emt 0:24:39]} 26. Rd7+ {[%emt 0:00:07]} Ke8 27. Rxc7 {[%emt 0:00:42]} Rxc7 {[%emt 0:00:02]} 28. Bc1 {[%emt 0:01:12]} Be7 {[%emt 0:00:44]} 29. Be3 {[%emt 0:07:06]} f6 {[%emt 0:03:59]} 30. Bxf4 {[%emt 0:03:20]} gxf4 {[%emt 0:00:06]} 31. Nd3 {[%emt 0:00:02]} e5 {[%emt 0:00:29]} 32. Rc1 {[%emt 0:00:43]} Rxc1 {[%emt 0:01:16]} 33. Nxc1 {[%emt 0:00:06]} Kd7 {[%emt 0:00:07]} 34. Nd3 {[%emt 0:00:30]} Bd6 {[%emt 0:01:00]} 35. Ke2 {[%emt 0:01:31]} Kc6 {[%emt 0:00:25]} 36. Kd2 {[%emt 0:00:25]} Kb6 {[%emt 0:01:04]} 37. Kc3 {[%emt 0:00:41]} Kc6 {[%emt 0:00:30]} 38. b4 {[%emt 0:02:48]} Kb6 {[%emt 0:00:11]} 39. Kb3 {[%emt 0:00:21]} Kc6 {[%emt 0:00:06]} 40. a4 {[%emt 0:02:44]} Kb6 {[%emt 0:02:14]} 41. f3 {[%emt 0:02:00]} Kc6 {[%emt 0:03:29]} 42. Nc1 {[%emt 0:01:01]} Be7 {[%emt 0:01:42]} 43. Na2 {[%emt 0:00:16]} Bd8 {[%emt 0:01:34]} 44. Nc3 {[%emt 0:00:09]} Be7 {[%emt 0:00:05]} 45. axb5+ {[%emt 0:01:09]} axb5 {[%emt 0:00:02]} 46. Nd5 {[%emt 0:00:05]} Bd8 {[%emt 0:00:04]} 47. Kc3 {[%emt 0:00:20]} Kd6 {[%emt 0:00:02]} 48. Kd3 {[%emt 0:00:05]} Kc6 {[%emt 0:00:38]} 49. Ke2 {[%emt 0:00:23]} Kd6 {[%emt 0:00:33]} 50. Kf1 {[%emt 0:00:04]} Be7 {[%emt 0:05:28]} 51. Kg2 {[%emt 0:00:24]} Kd7 {[%emt 0:00:39]} 52. Kh3 {[%emt 0:01:42]} Ke6 {[%emt 0:00:26]} 53. Nc7+ {[%emt 0:01:16]} Kd7 {[%emt 0:00:05]} 54. Nd5 {[%emt 0:00:10]} Ke6 {[%emt 0:00:05]} 55. Nc7+ {[%emt 0:02:03]} 1/2-1/2

[Event "FIDE Grand Swiss"]
[Site "Isle of Man ENG"]
[Date "2019.10.17"]
[Round "7.38"]
[White "Hansen, Eric"]
[Black "Ragger, Markus"]
[Result "0-1"]
[WhiteElo "2611"]
[BlackElo "2684"]
[PlyCount "84"]
[GameId "2129404754507532"]
[EventDate "2019.10.10"]
[EventType "swiss"]
[EventRounds "11"]
[EventCountry "ENG"]
[SourceTitle "10 Days#595"]
[Source "ChessMix"]
[SourceDate "2019.11.01"]
[SourceVersion "1"]
[SourceVersionDate "2019.11.01"]
[SourceQuality "1"]

1. e4 {[%emt 0:06:35]} c5 {[%emt 0:00:06]} 2. Nf3 {[%emt 0:00:19]} Nc6 {[%emt 0:00:05]} 3. Bb5 {[%emt 0:00:48]} g6 {[%emt 0:00:16]} 4. Bxc6 {[%emt 0:06:17]} bxc6 {[%emt 0:00:17]} 5. O-O {[%emt 0:00:16]} Bg7 {[%emt 0:00:18]} 6. Re1 {[%emt 0:15:00]} Nh6 {[%emt 0:02:25]} 7. c3 {[%emt 0:00:46]} O-O {[%emt 0:00:40]} 8. h3 {[%emt 0:06:10]} f5 {[%emt 0:01:03]} 9. e5 {[%emt 0:01:08]} Nf7 {[%emt 0:00:40]} 10. d3 {[%emt 0:04:41]} h6 {[%emt 0:01:22]} 11. Nbd2 {[%emt 0:09:13]} d6 {[%emt 0:10:18]} 12. Nc4 {[%emt 0:11:18]} Ba6 {[%emt 0:02:04]} 13. e6 {[%emt 0:14:12]} Nh8 {[%emt 0:05:32]} 14. h4 {[%emt 0:00:11]} f4 {[%emt 0:00:12]} 15. Bd2 {[%emt 0:02:52]} Rf5 {[%emt 0:01:42]} 16. Qa4 {[%emt 0:01:32]} Bb5 {[%emt 0:04:10]} 17. Qc2 {[%emt 0:00:05]} Qf8 {[%emt 0:10:13]} 18. Na5 {[%emt 0:10:33]} g5 {[%emt 0:07:44]} 19. c4 {[%emt 0:00:04]} Ba6 {[%emt 0:01:15]} 20. Bc3 {[%emt 0:00:04]} g4 {[%emt 0:06:04]} 21. Nh2 {[%emt 0:00:31]} h5 {[%emt 0:07:57]} 22. g3 {[%emt 0:03:48]} Ng6 {[%emt 0:04:02]} 23. Qa4 {[%emt 0:03:53]} Rc8 {[%emt 0:09:55]} 24. Nb3 {[%emt 0:02:52]} Bb7 {[%emt 0:00:50]} 25. Nd2 {[%emt 0:02:18]} Bd4 {[%emt 0:08:10]} 26. Bxd4 {[%emt 0:01:05]} cxd4 {[%emt 0:00:02]} 27. Qxa7 {[%emt 0:01:55]} Rb8 {[%emt 0:01:13]} 28. Re2 {[%emt 0:05:03]} c5 {[%emt 0:01:25]} 29. b4 {[%emt 0:00:20]} Bf3 {[%emt 0:03:40]} 30. Ree1 {[%emt 0:00:20]} Rxb4 {[%emt 0:09:52]} 31. Rab1 {[%emt 0:00:30]} fxg3 {[%emt 0:01:32]} 32. fxg3 {[%emt 0:00:05]} Rxb1 {[%emt 0:00:27]} 33. Rxb1 {[%emt 0:00:06]} Qf6 {[%emt 0:00:12]} 34. Nhxf3 {[%emt 0:02:00]} gxf3 {[%emt 0:00:01]} 35. Ne4 {[%emt 0:00:38]} Qxe6 {[%emt 0:00:50]} 36. Rb8+ {[%emt 0:00:24]} Kg7 {[%emt 0:00:02]} 37. Qa8 {[%emt 0:00:36]} f2+ {[%emt 0:03:48]} 38. Kf1 Rf3 {[%emt 0:00:15]} 39. Nxf2 {[%emt 0:00:23]} Qh3+ {[%emt 0:02:25]} 40. Ke2 {[%emt 0:00:22]} Re3+ {[%emt 0:00:05]} 41. Kd2 {[%emt 0:00:06]} Qf1 {[%emt 0:00:56]} 42. Rg8+ {[%emt 0:00:57]} Kh7 {[%emt 0:02:02]} 0-1

[Event "FIDE Grand Swiss"]
[Site "Isle of Man ENG"]
[Date "2019.10.18"]
[Round "8.59"]
[White "Lei, Tingjie"]
[Black "Hansen, Eric"]
[Result "0-1"]
[WhiteElo "2469"]
[BlackElo "2611"]
[PlyCount "46"]
[GameId "2129404754507629"]
[EventDate "2019.10.10"]
[EventType "swiss"]
[EventRounds "11"]
[EventCountry "ENG"]
[SourceTitle "10 Days#595"]
[Source "ChessMix"]
[SourceDate "2019.11.01"]
[SourceVersion "1"]
[SourceVersionDate "2019.11.01"]
[SourceQuality "1"]

1. d4 {[%emt 0:00:52]} Nf6 {[%emt 0:01:48]} 2. c4 {[%emt 0:00:25]} e6 {[%emt 0:00:15]} 3. Nc3 {[%emt 0:00:46]} Bb4 {[%emt 0:00:26]} 4. Qc2 {[%emt 0:00:17]} d6 {[%emt 0:03:06]} 5. e4 {[%emt 0:11:10]} c5 {[%emt 0:09:22]} 6. Nf3 {[%emt 0:14:55]} cxd4 {[%emt 0:08:35]} 7. Nxd4 {[%emt 0:00:09]} O-O {[%emt 0:00:05]} 8. Bd2 {[%emt 0:08:46]} Nc6 {[%emt 0:27:33]} 9. Nxc6 {[%emt 0:16:36]} bxc6 {[%emt 0:00:30]} 10. O-O-O {[%emt 0:01:11]} d5 {[%emt 0:02:38]} 11. exd5 {[%emt 0:07:44]} cxd5 {[%emt 0:00:14]} 12. cxd5 {[%emt 0:04:39]} exd5 {[%emt 0:00:05]} 13. Bd3 {[%emt 0:05:25]} Bd7 {[%emt 0:17:11]} 14. Kb1 {[%emt 0:04:41]} Rc8 {[%emt 0:00:05]} 15. Qb3 {[%emt 0:21:54]} Rb8 {[%emt 0:00:39]} 16. Bg5 {[%emt 0:00:05]} d4 {[%emt 0:09:25]} 17. Bxf6 {[%emt 0:05:08]} gxf6 {[%emt 0:01:20]} 18. Bxh7+ {[%emt 0:03:13]} Kxh7 {[%emt 0:00:18]} 19. Qc2+ {[%emt 0:00:05]} Kg7 {[%emt 0:00:34]} 20. Qd3 {[%emt 0:01:25]} Bxc3 {[%emt 0:02:10]} 21. Qg3+ {[%emt 0:00:06]} Kh6 {[%emt 0:00:03]} 22. Qh4+ {[%emt 0:00:23]} Kg6 {[%emt 0:00:04]} 23. Qg3+ {[%emt 0:00:09]} Kh5 {[%emt 0:00:04]} 0-1

[Event "FIDE Grand Swiss"]
[Site "Isle of Man ENG"]
[Date "2019.10.19"]
[Round "9.41"]
[White "Hansen, Eric"]
[Black "Saric, Ivan"]
[Result "0-1"]
[WhiteElo "2611"]
[BlackElo "2667"]
[PlyCount "44"]
[GameId "2129404754507687"]
[EventDate "2019.10.10"]
[EventType "swiss"]
[EventRounds "11"]
[EventCountry "ENG"]
[SourceTitle "10 Days#595"]
[Source "ChessMix"]
[SourceDate "2019.11.01"]
[SourceVersion "1"]
[SourceVersionDate "2019.11.01"]
[SourceQuality "1"]

1. e4 {[%emt 0:04:41]} c5 {[%emt 0:00:11]} 2. Nf3 {[%emt 0:00:05]} d6 {[%emt 0:01:02]} 3. Bb5+ {[%emt 0:02:09]} Nd7 {[%emt 0:00:05]} 4. Ba4 {[%emt 0:02:28]} Ngf6 {[%emt 0:00:18]} 5. O-O {[%emt 0:00:39]} e6 {[%emt 0:00:27]} 6. c4 {[%emt 0:09:07]} Nxe4 {[%emt 0:12:22]} 7. Re1 {[%emt 0:02:30]} Nef6 {[%emt 0:01:14]} 8. d4 {[%emt 0:03:02]} cxd4 {[%emt 0:11:17]} 9. Nxd4 {[%emt 0:15:14]} Be7 {[%emt 0:00:18]} 10. Rxe6 {[%emt 0:32:15]} fxe6 {[%emt 0:03:05]} 11. Nxe6 {[%emt 0:01:54]} Qa5 {[%emt 0:07:31]} 12. c5 {[%emt 0:00:32]} dxc5 {[%emt 0:13:14]} 13. Bf4 {[%emt 0:00:58]} c4 {[%emt 0:11:19]} 14. Nc3 {[%emt 0:01:01]} Kf7 {[%emt 0:03:30]} 15. Ng5+ {[%emt 0:03:26]} Kf8 {[%emt 0:05:02]} 16. Qe2 {[%emt 0:01:29]} Nb6 {[%emt 0:04:35]} 17. Re1 {[%emt 0:03:46]} Qc5 {[%emt 0:05:14]} 18. Be3 {[%emt 0:16:44]} Qe5 {[%emt 0:05:41]} 19. f4 {[%emt 0:00:38]} Qc7 {[%emt 0:00:21]} 20. Nb5 {[%emt 0:04:02]} Qd7 {[%emt 0:00:58]} 21. Bxb6 {[%emt 0:03:37]} axb6 {[%emt 0:00:27]} 22. Rd1 {[%emt 0:00:31]} Qc6 {[%emt 0:05:33]} 0-1

[Event "FIDE Grand Swiss"]
[Site "Isle of Man ENG"]
[Date "2019.10.20"]
[Round "10.52"]
[White "Hansen, Eric"]
[Black "Dubov, Daniil"]
[Result "1/2-1/2"]
[WhiteElo "2611"]
[BlackElo "2699"]
[PlyCount "43"]
[GameId "2129404754507774"]
[EventDate "2019.10.10"]
[EventType "swiss"]
[EventRounds "11"]
[EventCountry "ENG"]
[SourceTitle "10 Days#595"]
[Source "ChessMix"]
[SourceDate "2019.11.01"]
[SourceVersion "1"]
[SourceVersionDate "2019.11.01"]
[SourceQuality "1"]

1. e4 {[%emt 0:02:17]} c6 {[%emt 0:00:07]} 2. Nc3 {[%emt 0:02:31]} d5 {[%emt 0:00:10]} 3. Nf3 {[%emt 0:00:07]} Bg4 {[%emt 0:00:07]} 4. h3 {[%emt 0:01:05]} Bxf3 {[%emt 0:00:20]} 5. Qxf3 {[%emt 0:00:06]} Nf6 {[%emt 0:00:05]} 6. d4 {[%emt 0:03:33]} dxe4 {[%emt 0:00:21]} 7. Qe3 {[%emt 0:00:28]} g6 {[%emt 0:08:23]} 8. Nxe4 {[%emt 0:00:52]} Bg7 {[%emt 0:00:30]} 9. Nxf6+ {[%emt 0:01:17]} Bxf6 {[%emt 0:00:02]} 10. c3 {[%emt 0:00:10]} O-O {[%emt 0:00:25]} 11. Bc4 {[%emt 0:02:30]} Nd7 {[%emt 0:01:13]} 12. O-O {[%emt 0:00:05]} Re8 {[%emt 0:08:36]} 13. Bb3 {[%emt 0:00:59]} a5 {[%emt 0:01:07]} 14. a4 {[%emt 0:00:15]} e6 {[%emt 0:00:56]} 15. Rd1 {[%emt 0:02:22]} Nb6 {[%emt 0:00:32]} 16. Qg3 {[%emt 0:05:46]} Nd5 {[%emt 0:00:39]} 17. Bc2 {[%emt 0:00:19]} Bh4 {[%emt 0:00:21]} 18. Qe5 {[%emt 0:00:06]} Bf6 {[%emt 0:00:06]} 19. Qg3 {[%emt 0:00:04]} Bh4 {[%emt 0:00:05]} 20. Qe5 {[%emt 0:00:05]} Bf6 {[%emt 0:00:05]} 21. Qg3 {[%emt 0:00:27]} Bh4 {[%emt 0:00:15]} 22. Qe5 1/2-1/2

[Event "FIDE Grand Swiss"]
[Site "Isle of Man ENG"]
[Date "2019.10.21"]
[Round "11.55"]
[White "Lenderman, Alex"]
[Black "Hansen, Eric"]
[Result "1/2-1/2"]
[WhiteElo "2648"]
[BlackElo "2611"]
[PlyCount "80"]
[GameId "2129404754581581"]
[EventDate "2019.10.10"]
[EventType "swiss"]
[EventRounds "11"]
[EventCountry "ENG"]
[SourceTitle "10 Days#595"]
[Source "ChessMix"]
[SourceDate "2019.11.01"]
[SourceVersion "1"]
[SourceVersionDate "2019.11.01"]
[SourceQuality "1"]

1. e4 c5 {[%emt 0:12:03]} 2. Nf3 {[%emt 0:00:07]} d6 {[%emt 0:00:33]} 3. Bb5+ {[%emt 0:00:04]} Nd7 {[%emt 0:01:28]} 4. d4 {[%emt 0:00:05]} cxd4 {[%emt 0:00:33]} 5. Qxd4 {[%emt 0:00:04]} a6 {[%emt 0:01:12]} 6. Bxd7+ {[%emt 0:00:05]} Bxd7 {[%emt 0:00:03]} 7. c4 {[%emt 0:00:11]} e5 {[%emt 0:05:59]} 8. Qd3 {[%emt 0:00:41]} b5 {[%emt 0:04:24]} 9. Nc3 {[%emt 0:00:21]} Qb8 {[%emt 0:14:39]} 10. b3 {[%emt 0:14:37]} h6 {[%emt 0:02:14]} 11. O-O {[%emt 0:02:42]} Nf6 {[%emt 0:00:16]} 12. Rd1 {[%emt 0:05:35]} Be7 {[%emt 0:05:10]} 13. Nd2 {[%emt 0:00:35]} Qb7 {[%emt 0:02:46]} 14. f3 {[%emt 0:00:42]} O-O {[%emt 0:00:36]} 15. Nf1 {[%emt 0:00:36]} b4 {[%emt 0:06:34]} 16. Ne2 {[%emt 0:01:41]} a5 {[%emt 0:00:03]} 17. Neg3 {[%emt 0:02:19]} Rfd8 {[%emt 0:01:41]} 18. Be3 {[%emt 0:01:36]} Bf8 {[%emt 0:00:49]} 19. Bf2 {[%emt 0:01:53]} Be6 {[%emt 0:08:26]} 20. Ne3 {[%emt 0:01:13]} g6 {[%emt 0:00:05]} 21. Qd2 {[%emt 0:05:48]} Nd7 {[%emt 0:03:51]} 22. Nef5 {[%emt 0:04:08]} gxf5 {[%emt 0:01:27]} 23. exf5 {[%emt 0:00:26]} Bxc4 {[%emt 0:00:05]} 24. bxc4 {[%emt 0:00:05]} Nf6 {[%emt 0:00:03]} 25. Qe2 {[%emt 0:02:19]} Rac8 {[%emt 0:07:21]} 26. Ne4 {[%emt 0:00:34]} Nxe4 {[%emt 0:00:05]} 27. fxe4 {[%emt 0:00:06]} f6 {[%emt 0:01:13]} 28. Rd5 {[%emt 0:04:29]} Qa6 {[%emt 0:03:31]} 29. Rb5 {[%emt 0:06:39]} Qc6 {[%emt 0:02:01]} 30. c5 {[%emt 0:03:33]} dxc5 {[%emt 0:00:33]} 31. Qc4+ {[%emt 0:00:25]} Kh8 {[%emt 0:00:33]} 32. Rxa5 {[%emt 0:00:10]} Ra8 {[%emt 0:02:30]} 33. Rxa8 {[%emt 0:00:48]} Rxa8 {[%emt 0:01:14]} 34. Rc1 {[%emt 0:05:40]} Qa6 {[%emt 0:04:35]} 35. Qxa6 {[%emt 0:06:25]} Rxa6 {[%emt 0:00:06]} 36. Bxc5 {[%emt 0:00:10]} Bxc5+ {[%emt 0:00:15]} 37. Rxc5 {[%emt 0:00:06]} Rxa2 {[%emt 0:00:03]} 38. Rb5 {[%emt 0:00:06]} Rb2 {[%emt 0:00:13]} 39. Rb8+ {[%emt 0:00:08]} Kg7 {[%emt 0:00:29]} 40. Rb7+ {[%emt 0:00:05]} Kg8 {[%emt 0:15:13]} 1/2-1/2

[Event "Zuerich Osteropen"]
[Site "Zuerich SUI"]
[Date "2019.04.19"]
[Round "1.2"]
[White "Delmonico, Nils"]
[Black "Hansen, Eric"]
[Result "0-1"]
[WhiteElo "2016"]
[BlackElo "2618"]
[PlyCount "64"]
[GameId "2130307609783524"]
[EventDate "2019.04.19"]
[EventType "swiss"]
[EventRounds "7"]
[EventCountry "SUI"]
[SourceTitle "10 Days #577"]
[Source "ChessMix"]
[SourceDate "2019.05.01"]
[SourceVersion "1"]
[SourceVersionDate "2019.05.01"]
[SourceQuality "1"]

1. d4 Nf6 2. Nf3 g6 3. c4 Bg7 4. Nc3 d5 5. Bg5 Ne4 6. cxd5 Nxg5 7. Nxg5 e6 8. Nf3 exd5 9. e3 O-O 10. b4 c6 11. Be2 Be6 12. O-O Nd7 13. Rc1 Qe7 14. b5 Rfc8 15. bxc6 Rxc6 16. Bb5 Rcc8 17. Qb3 Nb6 18. Be2 Rc6 19. Na4 Nc4 20. Nc5 b6 21. Nxe6 Qxe6 22. e4 Qxe4 23. Bxc4 dxc4 24. Rxc4 Rac8 25. Rxc6 Qxc6 26. Ng5 Qc4 27. Qh3 h6 28. Nf3 Rd8 29. Qh4 Re8 30. Qg4 Bf6 31. Qf4 Kg7 32. Qd2 Re2 0-1

[Event "Portugal op Rapid"]
[Site "Lisbon POR"]
[Date "2019.02.10"]
[Round "1.2"]
[White "Hansen, Eric"]
[Black "Carvalho, V."]
[Result "1-0"]
[WhiteElo "2615"]
[BlackElo "1868"]
[PlyCount "63"]
[GameId "2130307611394051"]
[EventDate "2019.02.10"]
[EventType "swiss (rapid)"]
[EventRounds "8"]
[EventCountry "POR"]
[SourceTitle "The Week in Chess 1266"]
[Source "Mark Crowther"]
[SourceDate "2019.02.12"]
[SourceVersion "1"]
[SourceVersionDate "2019.02.12"]
[SourceQuality "2"]

1. e4 e5 2. Nf3 Nf6 3. Nxe5 d6 4. Nf3 Nxe4 5. Nc3 Nxc3 6. dxc3 Be7 7. Be3 Be6 8. Nd4 O-O 9. Nxe6 fxe6 10. Qg4 e5 11. Bc4+ Kh8 12. Bd3 d5 13. O-O-O Nd7 14. Qh3 Nf6 15. Bf5 Qe8 16. Kb1 c5 17. f3 d4 18. Bd2 Qh5 19. Qxh5 Nxh5 20. Be4 Rab8 21. Rhe1 Nf6 22. Bd3 Bd6 23. cxd4 exd4 24. Re6 Rbd8 25. h4 h6 26. g4 Rfe8 27. Rxe8+ Rxe8 28. g5 hxg5 29. hxg5 Nd7 30. Bb5 Re7 31. Rh1+ Kg8 32. Bc4+ 1-0

[Event "Portugal op Rapid"]
[Site "Lisbon POR"]
[Date "2019.02.10"]
[Round "2.2"]
[White "Pirola, Claudionor Alcides "]
[Black "Hansen, Eric"]
[Result "0-1"]
[WhiteElo "2113"]
[BlackElo "2615"]
[PlyCount "62"]
[GameId "2130307611394084"]
[EventDate "2019.02.10"]
[EventType "swiss (rapid)"]
[EventRounds "8"]
[EventCountry "POR"]
[SourceTitle "The Week in Chess 1266"]
[Source "Mark Crowther"]
[SourceDate "2019.02.12"]
[SourceVersion "1"]
[SourceVersionDate "2019.02.12"]
[SourceQuality "2"]

1. e4 c5 2. Nc3 e6 3. Nf3 a6 4. d4 cxd4 5. Nxd4 Qc7 6. f4 b5 7. a3 Bb7 8. Bd3 Nc6 9. Nxc6 Bxc6 10. Qe2 Qb7 11. O-O h5 12. Be3 h4 13. h3 Nf6 14. Bf2 Be7 15. Rfe1 Nh5 16. Qg4 Nf6 17. Qe2 g6 18. Bd4 Rh5 19. e5 Nd5 20. Qg4 Nxc3 21. bxc3 Kf8 22. Bxg6 fxg6 23. Qxg6 Rf5 24. g4 hxg3 25. Re3 Rf7 26. Rxg3 Ke8 27. h4 Bf8 28. h5 Be4 29. Qg8 Bh7 30. Qg4 Qe4 31. h6 Be7 0-1

[Event "Portugal op Rapid"]
[Site "Lisbon POR"]
[Date "2019.02.10"]
[Round "3.2"]
[White "Hansen, Eric"]
[Black "Gu Xiaobing"]
[Result "1-0"]
[WhiteElo "2615"]
[BlackElo "2326"]
[PlyCount "65"]
[GameId "2130307611398212"]
[EventDate "2019.02.10"]
[EventType "swiss (rapid)"]
[EventRounds "8"]
[EventCountry "POR"]
[SourceTitle "The Week in Chess 1266"]
[Source "Mark Crowther"]
[SourceDate "2019.02.12"]
[SourceVersion "1"]
[SourceVersionDate "2019.02.12"]
[SourceQuality "2"]

1. e4 c5 2. Nf3 d6 3. Bb5+ Nd7 4. Ba4 a6 5. c4 Ngf6 6. O-O g6 7. Nc3 Bg7 8. d3 O-O 9. h3 Ne5 10. Nxe5 dxe5 11. Be3 Qd6 12. Rb1 Ne8 13. b4 b6 14. bxc5 bxc5 15. Bxe8 Rxe8 16. Na4 f5 17. f3 f4 18. Bxc5 Qc6 19. Bf2 Rd8 20. Nb6 Rb8 21. Nd5 Rb7 22. Rb6 Qd7 23. c5 Rxb6 24. Nxb6 Qc6 25. Nxc8 Qxc8 26. Qc2 e6 27. Rb1 Bf8 28. Qc4 Kf7 29. Rb6 a5 30. c6 Rd6 31. Rb7+ Kf6 32. c7 Be7 33. Rb8 1-0

[Event "Portugal op Rapid"]
[Site "Lisbon POR"]
[Date "2019.02.10"]
[Round "4.2"]
[White "Miedema, D."]
[Black "Hansen, Eric"]
[Result "0-1"]
[WhiteElo "2356"]
[BlackElo "2615"]
[PlyCount "62"]
[GameId "2130307611398247"]
[EventDate "2019.02.10"]
[EventType "swiss (rapid)"]
[EventRounds "8"]
[EventCountry "POR"]
[SourceTitle "The Week in Chess 1266"]
[Source "Mark Crowther"]
[SourceDate "2019.02.12"]
[SourceVersion "1"]
[SourceVersionDate "2019.02.12"]
[SourceQuality "2"]

1. e4 d6 2. d4 Nf6 3. f3 c5 4. d5 g6 5. c4 Bg7 6. Nc3 O-O 7. Bf4 Na6 8. Qd2 Nc7 9. Nge2 Rb8 10. Ng3 a6 11. a4 Bd7 12. a5 b5 13. axb6 Rxb6 14. Bd3 Qb8 15. Ra2 e5 16. Be3 h5 17. O-O Qb7 18. Nd1 Rb3 19. Bc2 Rb4 20. Qe2 h4 21. Nh1 Nh5 22. b3 Nf4 23. Qf2 g5 24. Bd2 Rxb3 25. Bxb3 Qxb3 26. Rb2 Qxc4 27. Rb7 Ne2+ 28. Qxe2 Qxe2 29. Ba5 Bb5 30. Re1 Qa2 31. Bxc7 Qd2 0-1

[Event "Portugal op Rapid"]
[Site "Lisbon POR"]
[Date "2019.02.10"]
[Round "5.2"]
[White "Hansen, Eric"]
[Black "Bartel, Michal"]
[Result "1-0"]
[WhiteElo "2615"]
[BlackElo "2306"]
[PlyCount "47"]
[GameId "2130307611402381"]
[EventDate "2019.02.10"]
[EventType "swiss (rapid)"]
[EventRounds "8"]
[EventCountry "POR"]
[SourceTitle "The Week in Chess 1266"]
[Source "Mark Crowther"]
[SourceDate "2019.02.12"]
[SourceVersion "1"]
[SourceVersionDate "2019.02.12"]
[SourceQuality "2"]

1. e4 e5 2. Nf3 Nc6 3. Bb5 g6 4. d4 exd4 5. Bg5 Be7 6. Bxe7 Qxe7 7. Bxc6 dxc6 8. Qxd4 Nf6 9. Nc3 Bg4 10. Nd2 c5 11. Qe3 O-O-O 12. h3 Be6 13. O-O-O b6 14. f4 Rhe8 15. Rhe1 Nd7 16. g4 f6 17. Nf3 Nb8 18. Rxd8+ Qxd8 19. e5 Bd7 20. Rd1 Qe7 21. Nd5 Qf7 22. Qa3 fxe5 23. Qxa7 Bc6 24. Nxb6+ 1-0